000 00486nam a2200181Ia 4500
008 131103s9999 xx 000 0 und d
040 _aLoreto College
041 _aEnglish
082 _aCHBK
_b#NAME?
100 _aSewell, Anna
245 _aBlack beauty
_cAnna Sewell
260 _aNew Delhi
_bMadhuban Educational Books
_c1995
300 _a124p.
_b ill.
_c 21cm.
440 _aMadhuban supplementary readers
650 _aCHBK - 1
850 _aLCBED/CHBK - 1/SEW
942 _cBK
999 _c31090
_d81569